International Trade (Record no. 2)
[ view plain ]
| 000 -LEADER | |
|---|---|
| fixed length control field | 00277nam a22001337a 4500 |
| 020 ## - INTERNATIONAL STANDARD BOOK NUMBER | |
| ISBN | 9781292060439 |
| 082 ## - DEWEY DECIMAL CLASSIFICATION NUMBER | |
| Classification number | 337 |
| 100 ## - MAIN ENTRY--AUTHOR NAME | |
| Personal name | Krugman, Paul R. |
| 245 ## - TITLE STATEMENT | |
| Title | International Trade |
| 250 ## - EDITION STATEMENT | |
| Edition statement | 10th ed. |
| 260 ## - PUBLICATION, DISTRIBUTION, ETC. (IMPRINT) | |
| Place of publication | Bostan |
| Name of publisher | Pearson |
| Year of publication | 2015 |
| 300 ## - PHYSICAL DESCRIPTION | |
| Number of Pages | 360p. |
| Other physical details | :ill |
| 942 ## - ADDED ENTRY ELEMENTS (KOHA) | |
| Koha item type | Books |
| Withdrawn status | Lost status | Collection code | Permanent Location | Current Location | Shelving location | Date acquired | Full call number | Accession Number | Koha item type |
|---|---|---|---|---|---|---|---|---|---|
| | | Business | MAJU | MAJU | Shelf No.A39 REF | 2019-06-11 | 337 | 7188 | Business |